Tilastot visalle Maailman pääkaupungit lähinnä Amsterdamia

Klikkaa tästä pelataksesi tätä visaa!

Yleistilastot

  • Tätä visaa on pelattu 14 kertaa
  • Keskiarvotulos 13 / 20

Vastaustilastot

kmpääkaupunki% Oikein
578Berliini
100%
914Oslo
91%
631Bern
82%
756Dublin
82%
358Lontoo
82%
319Luxemburg
82%
430Pariisi
82%
173Bryssel
73%
936Wien
73%
622Kööpenhamina
64%
713Praha
64%
1125Tukholma
64%
1098Varsova
64%
1126Andorra la Vella
55%
979Monaco
55%
1091San Marino
55%
670Vaduz
55%
987Bratislava
45%
989Ljubljana
45%
1086Zagreb
36%

Tulosjakauma

Persentiili vastausten määrän mukaan

Jokaisen tuloksen saaneiden osuus

Tuloshistoriasi

Et ole pelannut tätä visaa